000 00360nam a2200133Ia 4500
005 20260328104341.0
008 260328s9999||||xx |||||||||||||| ||und||
100 _aSáez, Ignacio
245 0 _aX Formas :
_b Conversaciones periféricas sobre Arquitectura /
_cIgnacio Sáez
260 _bDostercios
300 _a125 p.
650 _aARQUITECTURA
942 _cBK
999 _c12098
_d12098